000 01415cam a2200301 a 4500
001 1596050
005 20030819181742.0
008 940318s1994 enka b 001 0 eng
010 _a94011814
020 _a0521471974 (hbk)
020 _a0521577837 (pbk)
040 _aDLC
_cDLC
_dDLC
050 0 0 _aTS161
_b.I54 1994
082 0 0 _a363.731
_220
_bIND
245 0 0 _aIndustrial Ecology and Global Change /
_cedited by R. Socolow ... [et al.].
260 _aCambridge ;
_aNew York :
_bCambridge University Press,
_cc1994.
300 _axxix, 500 p. :
_bill. ;
_c25 cm.
500 _a"Office for Interdisciplinary Earth Studies, Global Change Institute volume 5"--P. [iv].
504 _aIncludes bibliographical references and index.
650 0 _aIndustrial ecology.
_97228
700 1 _aSocolow, Robert H.
_97229
711 2 _aOIES Global Change Institute
_n(5th :
_d1992 :
_cSnowmass, Colo.)
_97230
856 4 2 _3Publisher description
_uhttp://www.loc.gov/catdir/description/cam032/94011814.html
856 4 1 _3Table of contents
_uhttp://www.loc.gov/catdir/toc/cam032/94011814.html
942 _2ddc
_cBB
999 _c12116
_d12116